000 00396nam a2200157Ia 4500
008 230524s9999 xx 000 0 und d
082 _a610
_bDOM
100 _aMichael M.Domach
_924830
245 0 _aIntroduction to Biomedical Engineering
250 _a1ST
260 _aNEW DELHI
_bPearson
_c2004
300 _aXIII;230
500 _aQuantity Number: 1
650 _aBiomedical
942 _cBK
999 _c36747
_d36747